[Event "Troisdorf op"]
[Site "Troisdorf"]
[Date "2014.12.02"]
[Round "7"]
[White "Raupach, Birgit"]
[Black "Helfer, Franz Josef"]
[Result "0-1"]
[WhiteElo "1023"]
[BlackElo "1025"]
[PlyCount "52"]
[EventDate "2014.10.21"]
[EventType "swiss"]
[EventRounds "7"]
[EventCountry "GER"]
[SourceTitle "EXT 2016"]
[Source "ChessBase"]
[SourceDate "2015.10.08"]
[SourceVersion "1"]
[SourceVersionDate "2015.10.08"]
[SourceQuality "1"]

1. d4 d5 2. e3 Nf6 3. c4 dxc4 4. Bxc4 Bg4 5. Be2 Bd7 6. Nf3 Nc6 7. Nc3 a6 8. 0-0 e6 9. Bc4 Bb4 10. d5 Ne7 11. a3 Bxc3 12. bxc3 exd5 13. Ba2 0-0 14. Re1 c6 15. Bb2 Bg4 16. h3 Bd7 17. c4 dxc4 18. Bxc4 b5 19. Ba2 Kh8 20. Bxf6 gxf6 21. Qd4 Nf5 22. Qf4 Ng7 23. Rad1 Ne6 24. Qh6 Ng5 25. Bb1 Rg8 26. Qh4 Nxf3+ 0-1

[Event "Troisdorf op"]
[Site "Troisdorf"]
[Date "2014.11.04"]
[Round "3"]
[White "Pelz, Andreas"]
[Black "Helfer, Franz Josef"]
[Result "1-0"]
[WhiteElo "1512"]
[BlackElo "1025"]
[PlyCount "65"]
[EventDate "2014.10.21"]
[EventType "swiss"]
[EventRounds "7"]
[EventCountry "GER"]
[SourceTitle "EXT 2016"]
[Source "ChessBase"]
[SourceDate "2015.10.08"]
[SourceVersion "1"]
[SourceVersionDate "2015.10.08"]
[SourceQuality "1"]

1. e4 e5 2. Nf3 Nc6 3. Bc4 Bc5 4. b4 Be7 5. c3 a6 6. Qb3 Nh6 7. d4 b5 8. Bd3 d6 9. 0-0 Bg4 10. Nbd2 Be6 11. d5 Nd4 12. cxd4 Bd7 13. dxe5 dxe5 14. Nxe5 0-0 15. Nxd7 Qxd7 16. Bb2 Bg5 17. Nf3 Be7 18. Ne5 Qe8 19. Nc6 Bd6 20. e5 Be7 21. Nxe7+ Qxe7 22. h3 Qe8 23. Rfe1 a5 24. bxa5 Rxa5 25. Ba3 Qa8 26. Bxf8 Qxf8 27. Bxb5 Ra3 28. Qc4 Ra7 29. e6 fxe6 30. Rxe6 Nf7 31. Re8 Nd6 32. Rxf8+ Kxf8 33. Qf4+ 1-0

[Event "Troisdorf op"]
[Site "Troisdorf"]
[Date "2014.10.21"]
[Round "1"]
[White "Helfer, Franz Josef"]
[Black "Hoeck, Sebastian"]
[Result "0-1"]
[WhiteElo "1025"]
[BlackElo "1866"]
[PlyCount "62"]
[EventDate "2014.10.21"]
[EventType "swiss"]
[EventRounds "7"]
[EventCountry "GER"]
[SourceTitle "EXT 2016"]
[Source "ChessBase"]
[SourceDate "2015.10.08"]
[SourceVersion "1"]
[SourceVersionDate "2015.10.08"]
[SourceQuality "1"]

1. e4 d5 2. Nc3 d4 3. Nd5 e5 4. Nf3 c6 5. Nc3 dxc3 6. bxc3 Bg4 7. Be2 Nd7 8. d4 Bd6 9. Bg5 f6 10. Bd2 Qc7 11. d5 Ne7 12. c4 Rc8 13. 0-0 cxd5 14. exd5 Bxf3 15. Bxf3 Qxc4 16. Bh5+ g6 17. Bg4 f5 18. Be2 Qxc2 19. Qxc2 Rxc2 20. Rfd1 e4 21. Rac1 Rxc1 22. Rxc1 Kf7 23. Bb5 Ne5 24. a4 Rc8 25. Rf1 Nxd5 26. f4 exf3 27. gxf3 Rc2 28. Be1 Ne3 29. Rf2 Bc5 30. Rxc2 Nxc2+ 31. Kg2 Nxe1+ 0-1

[Event "Troisdorf op"]
[Site "Troisdorf"]
[Date "2013.11.19"]
[Round "5"]
[White "Helfer, Franz Josef"]
[Black "Friedrich, Johannes"]
[Result "0-1"]
[WhiteElo "994"]
[BlackElo "1442"]
[PlyCount "34"]
[EventDate "2013.10.22"]
[EventType "swiss"]
[EventRounds "7"]
[EventCountry "GER"]
[SourceTitle "EXT 2016"]
[Source "ChessBase"]
[SourceDate "2015.10.08"]
[SourceVersion "1"]
[SourceVersionDate "2015.10.08"]
[SourceQuality "1"]

1. e4 e6 2. d4 d5 3. exd5 exd5 4. Nf3 Nf6 5. h3 Bd6 6. Bg5 0-0 7. Nc3 c6 8. Qd2 Re8+ 9. Be2 Nbd7 10. 0-0-0 b5 11. Bxb5 cxb5 12. Nxb5 Be7 13. Bxf6 Nxf6 14. Rhe1 Ne4 15. Qe3 Rb8 16. Nxa7 Qb6 17. Qa3 Bxa3 0-1

[Event "Troisdorf op"]
[Site "Troisdorf"]
[Date "2012.11.20"]
[Round "5"]
[White "Helfer, Franz Josef"]
[Black "Quaegwer, Gerhard"]
[Result "0-1"]
[WhiteElo "999"]
[BlackElo "1489"]
[PlyCount "86"]
[EventDate "2012.10.23"]
[EventType "swiss"]
[EventRounds "7"]
[EventCountry "GER"]
[SourceTitle "EXT 2014"]
[Source "ChessBase"]
[SourceDate "2013.11.20"]
[SourceVersion "1"]
[SourceVersionDate "2013.11.20"]
[SourceQuality "1"]

1. e4 e5 2. Nf3 Nc6 3. Bb5 d6 4. Nc3 Bd7 5. d3 h6 6. Bd2 Nf6 7. Nd5 a6 8. Ba4 b5 9. Bb3 Bg4 10. h3 Bh5 11. g4 Bg6 12. Qe2 Nd7 13. h4 Nd4 14. Nxd4 exd4 15. h5 Bh7 16. a3 a5 17. 0-0-0 c6 18. Nf4 Ne5 19. Ng2 Be7 20. f4 Nd7 21. g5 b4 22. a4 hxg5 23. fxg5 Bxg5 24. Bxg5 Qxg5+ 25. Kb1 Ne5 26. Rh4 Bg8 27. Rf4 Qxh5 28. Qf1 Qg5 29. Rf5 Qe7 30. Nf4 Ng4 31. Ng2 Ra7 32. Qf4 Ne5 33. Ka2 f6 34. Bxg8 Rxg8 35. Rh5 Qf7+ 36. b3 Qxh5 37. Rf1 Qe2 38. Rf2 Qh5 39. Qf5 Qxf5 40. exf5 Kf7 41. Nf4 g6 42. fxg6+ Nxg6 43. Nxg6 Rxg6 0-1

[Event "Troisdorf op"]
[Site "Troisdorf"]
[Date "2012.10.28"]
[Round "2"]
[White "Schilcher, Adrian"]
[Black "Helfer, Franz Josef"]
[Result "1-0"]
[WhiteElo "1814"]
[BlackElo "999"]
[PlyCount "73"]
[EventDate "2012.10.23"]
[EventType "swiss"]
[EventRounds "7"]
[EventCountry "GER"]
[SourceTitle "EXT 2014"]
[Source "ChessBase"]
[SourceDate "2013.11.20"]
[SourceVersion "1"]
[SourceVersionDate "2013.11.20"]
[SourceQuality "1"]

1. g3 e5 2. Bg2 Nc6 3. c4 Nf6 4. Nc3 Bb4 5. a3 Bxc3 6. bxc3 d5 7. cxd5 Nxd5 8. Qb3 Nde7 9. d3 0-0 10. Nh3 Na5 11. Qb5 Nac6 12. 0-0 a6 13. Qb3 Na5 14. Qc2 Be6 15. Rb1 Rb8 16. f4 exf4 17. Nxf4 Bg4 18. e4 c5 19. Be3 c4 20. d4 Nb3 21. h3 Bd7 22. Ne2 Qa5 23. Nc1 Qxa3 24. Nxb3 cxb3 25. Qxb3 Qd6 26. Bf4 Qc6 27. Bxb8 Rxb8 28. Qxf7+ Kh8 29. Qxe7 h6 30. Rf8+ Rxf8 31. Qxf8+ Kh7 32. e5 Qxc3 33. Be4+ g6 34. Qf7+ Kh8 35. Qf6+ Kh7 36. Qxg6+ Kh8 37. Qh7# 1-0

[Event "Troisdorf op"]
[Site "Troisdorf"]
[Date "2011.11.29"]
[Round "6"]
[White "Reuter, Gabriel"]
[Black "Helfer, Franz Josef"]
[Result "1-0"]
[WhiteElo "1465"]
[BlackElo "1021"]
[PlyCount "69"]
[EventDate "2011.10.25"]
[EventType "swiss"]
[EventRounds "7"]
[EventCountry "GER"]
[SourceTitle "EXT 2013"]
[Source "ChessBase"]
[SourceDate "2012.11.22"]
[SourceVersion "1"]
[SourceVersionDate "2012.11.22"]
[SourceQuality "1"]

1. d4 f6 2. c4 e5 3. Nc3 Bb4 4. g3 Ba5 5. b4 Bb6 6. c5 exd4 7. Qxd4 Bxc5 8. Qxc5 Ne7 9. Bb2 0-0 10. e4 Kh8 11. Bd3 d6 12. Qh5 a6 13. Nd5 Nxd5 14. exd5 Qe8+ 15. Qxe8 Rxe8+ 16. Ne2 Bg4 17. f3 Bd7 18. 0-0 Re3 19. Bc4 b5 20. Kf2 Re7 21. Bd3 c6 22. Nf4 Be8 23. Rae1 Rxe1 24. Rxe1 Nd7 25. dxc6 Ne5 26. Bxe5 dxe5 27. Ne6 Bxc6 28. Be4 Bxe4 29. Rxe4 f5 30. Rxe5 Re8 31. f4 g6 32. Nc5 Ra8 33. Ke3 a5 34. a3 axb4 35. axb4 1-0

[Event "Troisdorf op"]
[Site "Troisdorf"]
[Date "2009.12.01"]
[Round "6"]
[White "Helfer, Franz Josef"]
[Black "Koschmieder, Josef"]
[Result "1/2-1/2"]
[WhiteElo "984"]
[BlackElo "1419"]
[PlyCount "50"]
[EventDate "2009.10.27"]
[EventType "swiss"]
[EventRounds "7"]
[EventCountry "GER"]
[SourceTitle "EXT 2011"]
[Source "ChessBase"]
[SourceDate "2010.11.26"]
[SourceVersion "1"]
[SourceVersionDate "2010.11.26"]
[SourceQuality "1"]

1. e4 c5 2. Nf3 Nc6 3. Nc3 d6 4. Bb5 Bd7 5. d3 h6 6. Nd5 e6 7. Nc3 Be7 8. 0-0 Nf6 9. Re1 0-0 10. h3 a6 11. Bxc6 Bxc6 12. e5 Nd7 13. exd6 Bxd6 14. Ne4 Be7 15. b3 Nf6 16. Nxf6+ Bxf6 17. Ne5 Qc7 18. Bf4 Bxe5 19. Bxe5 Qd7 20. Qg4 f6 21. Bb2 Rae8 22. Re3 e5 23. f4 exf4 24. Qxf4 Rxe3 25. Qxe3 Re8 1/2-1/2

[Event "Troisdorf op"]
[Site "Troisdorf"]
[Date "2009.11.10"]
[Round "3"]
[White "Helfer, Franz Josef"]
[Black "Brunsch, Swen Holger"]
[Result "0-1"]
[WhiteElo "984"]
[BlackElo "1433"]
[PlyCount "88"]
[EventDate "2009.10.27"]
[EventType "swiss"]
[EventRounds "7"]
[EventCountry "GER"]
[SourceTitle "EXT 2011"]
[Source "ChessBase"]
[SourceDate "2010.11.26"]
[SourceVersion "1"]
[SourceVersionDate "2010.11.26"]
[SourceQuality "1"]

1. e4 d5 2. exd5 Nf6 3. Bb5+ c6 4. dxc6 Nxc6 5. Be2 Bf5 6. Nf3 e6 7. Nc3 Nb4 8. Bb5+ Ke7 9. Bd3 Bxd3 10. cxd3 Nxd3+ 11. Ke2 Nf4+ 12. Kf1 Qd3+ 13. Ne2 Nd7 14. b3 Rc8 15. Ba3+ Kd8 16. Bxf8 Rxf8 17. Ng5 Ke7 18. Nf3 Rc2 19. Ne1 Qe4 20. Nxf4 Rc6 21. Ne2 Rd8 22. d3 Qe5 23. Nf3 Qf6 24. Ned4 Rc5 25. b4 Rd5 26. Rc1 Rxd4 27. Nxd4 Qxd4 28. Rc4 Qb6 29. Qc2 Kf8 30. Rc8 Rxc8 31. Qxc8+ Ke7 32. Qc3 f6 33. Ke2 Qd6 34. d4 Qd5 35. Rg1 Qxa2+ 36. Qd2 Qc4+ 37. Qd3 Qxb4 38. Rb1 Qd6 39. Qxh7 Qa6+ 40. Qd3 Qa2+ 41. Ke3 Nb6 42. Rxb6 axb6 43. f4 Qxg2 44. Qa3+ Kf7 0-1

[Event "Troisdorf op"]
[Site "Troisdorf"]
[Date "2007.10.23"]
[Round "2"]
[White "Kvitko, Denis"]
[Black "Helfer, Franz Josef"]
[Result "1-0"]
[WhiteElo "1658"]
[BlackElo "1087"]
[PlyCount "35"]
[EventDate "2007.10.16"]
[EventType "swiss"]
[EventRounds "5"]
[EventCountry "GER"]
[SourceTitle "EXT 2011"]
[Source "ChessBase"]
[SourceDate "2010.11.26"]
[SourceVersion "1"]
[SourceVersionDate "2010.11.26"]
[SourceQuality "1"]

1. e4 e5 2. d4 Nc6 3. Nf3 d6 4. Bb5 Bd7 5. 0-0 Nf6 6. Nc3 Be7 7. Re1 a6 8. Bxc6 Bxc6 9. dxe5 Nd7 10. exd6 cxd6 11. Bf4 0-0 12. Bxd6 Re8 13. Bxe7 Rxe7 14. Nd4 Qe8 15. Nxc6 bxc6 16. Qd2 Rd8 17. Rad1 Nb6 18. Qxd8 1-0

[Event "Troisdorf op"]
[Site "Troisdorf"]
[Date "2007.10.16"]
[Round "1"]
[White "Helfer, Franz Josef"]
[Black "Ziabari, Morteza"]
[Result "0-1"]
[WhiteElo "1087"]
[BlackElo "2003"]
[PlyCount "60"]
[EventDate "2007.10.16"]
[EventType "swiss"]
[EventRounds "5"]
[EventCountry "GER"]
[SourceTitle "EXT 2011"]
[Source "ChessBase"]
[SourceDate "2010.11.26"]
[SourceVersion "1"]
[SourceVersionDate "2010.11.26"]
[SourceQuality "1"]

1. e4 d6 2. c3 Nf6 3. d3 e5 4. Bg5 h6 5. Bh4 g5 6. Bg3 Nc6 7. h3 d5 8. Nd2 Be6 9. Qe2 Bd6 10. 0-0-0 d4 11. c4 Qe7 12. Nb1 Nb4 13. Na3 Nxa2+ 14. Kb1 Nc3+ 15. bxc3 Bxa3 16. Bxe5 dxc3 17. Bxc3 Rg8 18. Rd2 a5 19. Ka2 Bb4 20. Bxf6 Qxf6 21. Rc2 b5 22. e5 Qe7 23. Qe4 Rb8 24. Nf3 bxc4 25. Qc6+ Kf8 26. dxc4 Rg6 27. Qe4 c5 28. g4 Qd7 29. Rc1 Qa4+ 30. Kb1 Bc3+ 0-1

[Event "Troisdorf op"]
[Site "Troisdorf"]
[Date "2005.11.08"]
[Round "3.17"]
[White "Helfer, Franz Josef"]
[Black "Kinnert, Dieter"]
[Result "0-1"]
[WhiteElo "1162"]
[BlackElo "1803"]
[PlyCount "59"]
[EventDate "2005.10.18"]
[EventType "swiss"]
[EventRounds "7"]
[EventCountry "GER"]
[SourceTitle "EXT 2006"]
[Source "ChessBase"]
[SourceDate "2005.11.24"]
[SourceVersion "1"]
[SourceVersionDate "2005.11.24"]
[SourceQuality "1"]

1. e4 e6 2. d4 d5 3. e5 c5 4. Nf3 cxd4 5. Nxd4 Nc6 6. Bb5 Bd7 7. Bxc6 bxc6 8. 0-0 Ne7 9. Bg5 Qb6 10. b3 Ng6 11. Re1 Rc8 12. Kh1 c5 13. Nf3 h6 14. Bd2 c4 15. bxc4 Rxc4 16. Na3 Bxa3 17. Rb1 Qc7 18. Re3 Bc5 19. Reb3 0-0 20. Rb7 Qc6 21. Ba5 Bb6 22. R1xb6 axb6 23. Rxb6 Qa4 24. Be1 Qxc2 25. Qxc2 Rxc2 26. h3 Rxa2 27. Rb7 Ba4 28. Ra7 Bb3 29. Bb4 Rxa7 30. Bxf8 0-1

[Event "Troisdorf op"]
[Site "Troisdorf"]
[Date "2004.12.07"]
[Round "6"]
[White "Helfer, Franz Josef"]
[Black "Jonasson, Dieter"]
[Result "0-1"]
[WhiteElo "1182"]
[BlackElo "1413"]
[PlyCount "76"]
[EventDate "2004.11.02"]
[EventType "swiss"]
[EventRounds "7"]
[EventCountry "GER"]
[SourceTitle "EXT 2006"]
[Source "ChessBase"]
[SourceDate "2005.11.24"]
[SourceVersion "1"]
[SourceVersionDate "2005.11.24"]
[SourceQuality "1"]

1. e4 e5 2. Nf3 d6 3. Bb5+ Bd7 4. Be2 Nf6 5. Nc3 Bc6 6. d3 Be7 7. Bd2 Nbd7 8. Nd5 Bxd5 9. exd5 Nxd5 10. c4 N5f6 11. 0-0 0-0 12. Ne1 d5 13. cxd5 Nxd5 14. Qb3 N7b6 15. Qd1 Bg5 16. Nf3 Bf6 17. Ne1 Re8 18. f4 Nxf4 19. Bxf4 Qd4+ 20. Kh1 exf4 21. b3 Qxa1 22. Qxa1 Bxa1 23. Bf3 c6 24. Nc2 Bf6 25. a4 Rad8 26. a5 Nd5 27. Bxd5 Rxd5 28. Ne1 Bc3 29. Nf3 Rxd3 30. h3 Bxa5 31. Ra1 Bb6 32. Ne1 Rxb3 33. Nf3 Rb2 34. Rd1 h6 35. Rd7 a5 36. Rxb7 Rb1+ 37. Kh2 Bg1+ 38. Nxg1 Rxb7 0-1